| 000 | 00732nam a2200181 i 4500 | ||
|---|---|---|---|
| 001 | 20986 | ||
| 003 | ES-MaACL | ||
| 005 | 20250802063100.0 | ||
| 007 | t| | ||
| 008 | 021120s1920 sp ||||1| spa d | ||
| 100 | 1 |
_aAlarcón, Maximiliano, _d1880-1933 _919144 |
|
| 245 | 1 | 3 |
_aLa guerra de Tetuán según un historiador marroquí contemporáneo _b: memoria presentada para obtener el grado de Doctor en la Facultad de Filosofía y Letras / _cpor Maximiliano Alarcón Santón. |
| 260 |
_aMadrid : _bEstanislao Maestre, _c1920. |
||
| 300 |
_a48 p. ; _c22 cm. |
||
| 500 | _aEl historiador a quien esta Memoria se refiere es Ahmed, hijo de Jalid Amavin el Selani. | ||
| 852 |
_aES-MaACL _j1717-F-17 |
||
| 999 |
_c20986 _d20986 |
||